000 01219nam a2200289Ia 4500
003 OSt
005 20221005111903.0
006 a|||||r|||| 00| 0
007 ta
008 221004b |||||||| |||| 00| 0 san d
020 _a9788121803663 (hbk)
_c650
024 _a26326
037 _b372, 08/03/2016, Eastern Book Linkers
_cTextual
040 _aCRL
_cCRL
_bsan
041 _2san
_asan
082 _aDelta2:864xD99,SS, 152Q5
100 _aभट्ट, श्रीपति
245 0 _aसिद्धान्तशेखर
246 _aSiddhāntashekhara
260 _aवाराणसी
_bचौखम्बा कृष्णदास अकादमी भारत
_c2015
300 _a641पृ0
_ccm.
490 _aकृष्णदास संस्कृत सारीज; 251
650 _aआध्यात्मिक अनुभव और रहस्यवाद
700 _a शर्मा, सत्यदेव, संपा.
942 _hDelta2:864xD99,SS, 152Q5
_cTEXL
_2cc
999 _c1023199
_d1023199